书目信息 |
| 题名: |
高阶停歇机构设计原理
|
|
| 作者: | 王洪欣 著 | |
| 分册: | ||
| 出版信息: | 北京 科学出版社 2015.10 |
|
| 页数: | 173页 | |
| 开本: | 26cm | |
| 丛书名: | ||
| 单 册: | ||
| 中图分类: | TH111 | |
| 科图分类: | ||
| 主题词: | 机构学 | |
| 电子资源: | ||
| ISBN: | 978-7-03-045883-4 | |
| 000 | 00563nam0 2200193 450 | |
| 001 | 258 | |
| 005 | 20160905102224.67 | |
| 010 | @a978-7-03-045883-4@dCNY59.00 | |
| 100 | @a20160721d2015 km y0chiy0120 ea | |
| 101 | 0 | @achi |
| 102 | @aCN@b110000 | |
| 200 | 1 | @a高阶停歇机构设计原理@Agao jie ting xie ji gou she ji yuan li@f王洪欣著@Fwang hong xin zhu |
| 210 | @a北京@c科学出版社@d2015.10 | |
| 215 | @a173页@d26cm | |
| 606 | 0 | @a机构学 |
| 690 | @aTH111@v4 | |
| 701 | 0 | @a王洪欣@Awang hong xin@4著 |
| 801 | 0 | @aCN@b唐山师范学院图书馆@c20160721 |
| 905 | @aZUCC@dTH111@e37 | |
| 高阶停歇机构设计原理/王洪欣著.-北京:科学出版社,2015.10 |
| 173页;26cm |
| ISBN 978-7-03-045883-4:CNY59.00 |
| ● |
| 相关链接 |
|
|
|
|
正题名:高阶停歇机构设计原理
索取号:TH111/37
 
预约/预借
| 序号 | 登录号 | 条形码 | 馆藏地/架位号 | 状态 | 备注 |
| 1 | 901109 | 209011095 | 第二样本阅览室/ [索取号:TH111/37] | 在馆 | |
| 2 | 901110 | 209011102 | 第三借阅区/ [索取号:TH111/37] | 在馆 | |
| 3 | 901111 | 209011111 | 第三借阅区/ [索取号:TH111/37] | 在馆 | |
| 4 | 901112 | 209011120 | 第三借阅区/ [索取号:TH111/37] | 在馆 | |
| 5 | 901113 | 209011139 | 第三借阅区/ [索取号:TH111/37] | 在馆 |